000 00668nam a2200217 a 4500
999 _c31
_d31
001 31
003 BD-JhCC
005 20170924162035.0
008 170924s bg ||||| |||| 00| 0 ben d
035 _a(BD-JhCC)
040 _aBD-JhCC
_cBD-JhCC
041 _aben
082 _a016.8092
_bHAQ 2010
100 _aহক, মাহবুবুল,
245 _aকৃতীজন কৃতিকথা /
_cমাহবুবুল হক
260 _aঢাকা ঃ
_bঅনুপম প্রকাশনী,
_c২০১০
300 _a২০৭ পৃ. ;
_c২৪ সেমি.
650 _aothr biografical
942 _2ddc
_cBK